[Event "LSS RC-2022-0-00260"]
[Site "LSS email"]
[Date "2022.11.28"]
[Round "?"]
[White "Sofia, Gerardo"]
[Black "Brayman, Zvi"]
[Result "1-0"]
[WhiteElo "1693"]
[BlackElo "1661"]
[PlyCount "63"]
[EventDate "2021.10.27"]
[EventType "tourn (corr)"]
[EventRounds "6"]
[EventCountry "GER"]
[SourceTitle "Corr 2024"]
[Source "ChessBase"]
[SourceDate "2023.10.19"]
[SourceVersion "1"]
[SourceVersionDate "2023.10.19"]
[SourceQuality "1"]

1. e4 e6 2. d4 d5 3. Nc3 Bb4 4. e5 c5 5. a3 Bxc3+ 6. bxc3 Qc7 7. Qg4 Ne7 8. Qxg7 Rg8 9. Qxh7 cxd4 10. Ne2 Nbc6 11. f4 dxc3 12. Qd3 Bd7 13. Qxc3 Nf5 14. Rb1 0-0-0 15. h3 d4 16. Qc4 Be8 17. g4 Ne3 18. Bxe3 dxe3 19. Rg1 Qa5+ 20. c3 Rd5 21. Rg3 Rc5 22. Qd3 Qxa3 23. Qxe3 Ne7 24. Qd2 Bc6 25. c4 Qa4 26. Nc3 Qa5 27. Qd3 Ng6 28. Kf2 Rd8 29. Qe3 Kb8 30. Be2 b6 31. Rb2 Bb7 32. Nb5 1-0

[Event "SC-2022-0-00416"]
[Site "LSS email"]
[Date "2022.05.03"]
[Round "?"]
[White "Borchardt, Petra"]
[Black "Sofia, Gerardo"]
[Result "1/2-1/2"]
[WhiteElo "1640"]
[BlackElo "1729"]
[PlyCount "55"]
[EventDate "2021.10.30"]
[EventType "tourn (corr)"]
[EventRounds "6"]
[EventCountry "GER"]
[SourceTitle "Corr 2024"]
[Source "ChessBase"]
[SourceDate "2023.10.19"]
[SourceVersion "1"]
[SourceVersionDate "2023.10.19"]
[SourceQuality "1"]

1. d4 Nf6 2. c3 e6 3. Nf3 b6 4. Bg5 Be7 5. h3 Ba6 6. Nbd2 d5 7. Qa4+ c6 8. e3 Bxf1 9. Kxf1 0-0 10. g3 Qc7 11. Bxf6 Bxf6 12. e4 c5 13. Kg2 Nc6 14. exd5 exd5 15. Rac1 Rab8 16. Nf1 b5 17. Qd1 c4 18. Ne3 Qd6 19. Ng4 g6 20. h4 h5 21. Nxf6+ Qxf6 22. Re1 Rfe8 23. b4 Rxe1 24. Qxe1 Kg7 25. a4 bxa4 26. Ra1 a5 27. bxa5 Ra8 28. Rxa4 1/2-1/2

[Event "LSS RC-2022-0-00258"]
[Site "LSS email"]
[Date "2022.02.23"]
[Round "?"]
[White "Borchardt, Petra"]
[Black "Sofia, Gerardo"]
[Result "1-0"]
[WhiteElo "1609"]
[BlackElo "1745"]
[PlyCount "77"]
[EventDate "2021.05.23"]
[EventType "tourn (corr)"]
[EventRounds "6"]
[EventCountry "GER"]
[SourceTitle "Corr 2024"]
[Source "ChessBase"]
[SourceDate "2023.10.19"]
[SourceVersion "1"]
[SourceVersionDate "2023.10.19"]
[SourceQuality "1"]

1. d3 e5 2. c4 b6 3. a3 Bb7 4. Nc3 d6 5. e4 g6 6. Nge2 Bg7 7. g3 Ne7 8. Bg2 0-0 9. 0-0 Nd7 10. b4 f5 11. Qb3 c5 12. Be3 Rb8 13. Rab1 Nf6 14. Nd5 Nexd5 15. exd5 Ng4 16. Bd2 f4 17. Nc3 f3 18. Bh1 Bh6 19. Qd1 Bxd2 20. Qxd2 cxb4 21. axb4 Bc8 22. Rb3 Rb7 23. Ra1 h5 24. Ne4 Bf5 25. Ng5 Qf6 26. Rba3 Bxd3 27. Bxf3 Nxf2 28. Kxf2 e4 29. Re1 a5 30. Rxd3 exd3 31. h4 Qd4+ 32. Kg2 Qxc4 33. Rc1 Qb3 34. Rc3 Qb1 35. Ne6 Rfb8 36. Rc1 Qxb4 37. Qxd3 Qb2+ 38. Rc2 Qf6 39. Be4 1-0

[Event "RB-2022-0-00411"]
[Site "LSS email"]
[Date "2022.01.18"]
[Round "?"]
[White "Wittal, Werner"]
[Black "Sofia, Gerardo"]
[Result "1-0"]
[WhiteElo "1970"]
[BlackElo "1769"]
[PlyCount "63"]
[EventDate "2021.10.15"]
[EventType "tourn (corr)"]
[EventRounds "6"]
[EventCountry "GER"]
[SourceTitle "Corr 2024"]
[Source "ChessBase"]
[SourceDate "2023.10.19"]
[SourceVersion "1"]
[SourceVersionDate "2023.10.19"]
[SourceQuality "1"]

1. e4 c5 2. Nf3 d6 3. d4 cxd4 4. Nxd4 Nf6 5. Nc3 a6 6. g3 Nc6 7. Bg2 Bd7 8. Nd5 e6 9. Nxf6+ Qxf6 10. c3 Be7 11. 0-0 h5 12. h4 Qg6 13. a4 0-0 14. Nf3 e5 15. Ng5 Bg4 16. Qb3 Rab8 17. Be3 Rfd8 18. f4 exf4 19. gxf4 Bxg5 20. hxg5 h4 21. Kh2 Qh5 22. Bb6 Rd7 23. Rf2 h3 24. Bh1 Rf8 25. c4 f6 26. gxf6 Rxf6 27. Rg1 Rdf7 28. f5 Be2 29. Qe3 Bxc4 30. b3 Be6 31. Bf3 Qh7 32. fxe6 1-0

[Event "RB-2021-0-00411"]
[Site "LSS email"]
[Date "2021.12.28"]
[Round "?"]
[White "Sofia, Gerardo"]
[Black "Jacewicz, Grzegorz"]
[Result "0-1"]
[WhiteElo "1769"]
[BlackElo "1984"]
[PlyCount "138"]
[EventDate "2021.10.15"]
[EventType "tourn (corr)"]
[EventRounds "6"]
[EventCountry "GER"]
[SourceTitle "Corr 2024"]
[Source "ChessBase"]
[SourceDate "2023.10.19"]
[SourceVersion "1"]
[SourceVersionDate "2023.10.19"]
[SourceQuality "1"]

1. d4 d5 2. c4 c6 3. Nc3 Nf6 4. cxd5 cxd5 5. Bg5 Nc6 6. Bxf6 gxf6 7. Nf3 Bf5 8. e3 e6 9. Be2 Bd6 10. Nh4 Bg6 11. 0-0 f5 12. g3 f4 13. Qd2 Qf6 14. Rac1 a6 15. Bf3 0-0 16. Na4 Rac8 17. Nc5 fxe3 18. fxe3 Qe7 19. Bg2 Nb8 20. b4 b6 21. Nxg6 hxg6 22. Nd3 Nd7 23. e4 dxe4 24. Bxe4 Nf6 25. Bg2 Rxc1 26. Rxc1 Rd8 27. Qe1 Qd7 28. Bc6 Qa7 29. Qf2 Qe7 30. a3 Ng4 31. Qd2 Kg7 32. Nf2 Nf6 33. Qb2 a5 34. Nd3 Bb8 35. Bg2 Qd7 36. d5 exd5 37. Qd4 b5 38. Kh1 a4 39. Rf1 Qe7 40. Re1 Ba7 41. Rxe7 Bxd4 42. Bh3 Rd6 43. Rc7 Bb6 44. Rc2 Ne4 45. Bf1 d4 46. Nf4 Nc3 47. Rc1 Bd8 48. Ra1 Bg5 49. Nd3 Be3 50. Kg2 g5 51. h3 Rf6 52. Kh2 Rf3 53. Kg2 Rf6 54. Kh2 Bd2 55. Kg2 Re6 56. Nf2 f5 57. Bd3 Be1 58. Nd1 Kf6 59. Nxc3 dxc3 60. Bxb5 Re3 61. Bxa4 Rxg3+ 62. Kh2 Re3 63. b5 Bg3+ 64. Kg2 Be5 65. Rh1 Rg3+ 66. Kf2 Rd3 67. Rd1 Rxh3 68. Ke2 g4 69. Bc2 f4 0-1

[Event "RB-2021-0-00407"]
[Site "LSS email"]
[Date "2021.10.08"]
[Round "?"]
[White "Do Amaral, Rogerio"]
[Black "Sofia, Gerardo"]
[Result "1-0"]
[WhiteElo "1894"]
[BlackElo "1806"]
[PlyCount "59"]
[EventDate "2021.06.13"]
[EventType "tourn (corr)"]
[EventRounds "6"]
[EventCountry "GER"]
[SourceTitle "Corr 2024"]
[Source "ChessBase"]
[SourceDate "2023.10.19"]
[SourceVersion "1"]
[SourceVersionDate "2023.10.19"]
[SourceQuality "1"]

1. e4 c5 2. Nf3 d6 3. d4 cxd4 4. Nxd4 Nf6 5. Nc3 a6 6. Be3 g6 7. f3 Bg7 8. Qd2 0-0 9. 0-0-0 b5 10. h4 h5 11. Nd5 Nxd5 12. exd5 Nd7 13. g4 Nf6 14. Bg5 Qb6 15. Nc6 Re8 16. Bxf6 exf6 17. gxh5 gxh5 18. Nd4 Qb7 19. Bd3 Qxd5 20. Rhg1 Kh8 21. c3 b4 22. Rg3 Qxa2 23. c4 b3 24. Rdg1 Bg4 25. Bb1 Qa4 26. fxg4 Qxc4+ 27. Kd1 Qd5 28. Nf5 Re5 29. Qxd5 Rxd5+ 30. Ke2 1-0

[Event "RB-2021-0-00407"]
[Site "LSS email"]
[Date "2021.10.06"]
[Round "?"]
[White "Martin, Simone"]
[Black "Sofia, Gerardo"]
[Result "1-0"]
[WhiteElo "1921"]
[BlackElo "1806"]
[PlyCount "49"]
[EventDate "2021.06.13"]
[EventType "tourn (corr)"]
[EventRounds "6"]
[EventCountry "GER"]
[SourceTitle "Corr 2024"]
[Source "ChessBase"]
[SourceDate "2023.10.19"]
[SourceVersion "1"]
[SourceVersionDate "2023.10.19"]
[SourceQuality "1"]

1. e4 c5 2. d3 Nc6 3. f4 d6 4. Nf3 g6 5. Be2 Nf6 6. 0-0 Bg7 7. c3 0-0 8. Kh1 b5 9. a3 a5 10. Be3 e6 11. Nbd2 a4 12. Qe1 Bb7 13. h3 Qc7 14. g4 Rfd8 15. Qh4 Na5 16. f5 exf5 17. gxf5 Qe7 18. Bg5 Rf8 19. Rf2 Rae8 20. Kg1 gxf5 21. Raf1 Kh8 22. Nh2 Qe6 23. exf5 Qe5 24. Bf3 Bxf3 25. Rxf3 1-0

[Event "RB-2021-0-00406"]
[Site "LSS email"]
[Date "2021.08.17"]
[Round "?"]
[White "Sofia, Gerardo"]
[Black "Kraujunas, Vladas"]
[Result "1-0"]
[WhiteElo "1820"]
[BlackElo "1861"]
[PlyCount "39"]
[EventDate "2021.05.20"]
[EventType "tourn (corr)"]
[EventRounds "6"]
[EventCountry "GER"]
[SourceTitle "Corr 2024"]
[Source "ChessBase"]
[SourceDate "2023.10.19"]
[SourceVersion "1"]
[SourceVersionDate "2023.10.19"]
[SourceQuality "1"]

1. d4 d5 2. c4 e6 3. Nf3 Nf6 4. Nc3 Be7 5. Bf4 0-0 6. e3 c6 7. Bd3 Nbd7 8. 0-0 Re8 9. Qc2 Nf8 10. c5 Ng6 11. Bg3 Nh5 12. Be5 f5 13. b4 Nxe5 14. Nxe5 Nf6 15. a4 Nd7 16. a5 Nxe5 17. dxe5 Rb8 18. Ne2 Qc7 19. f4 b6 20. Nd4 1-0

[Event "RB-2021-0-00406"]
[Site "LSS email"]
[Date "2021.08.16"]
[Round "?"]
[White "Korn, Hans"]
[Black "Sofia, Gerardo"]
[Result "1-0"]
[WhiteElo "1920"]
[BlackElo "1820"]
[PlyCount "49"]
[EventDate "2021.05.20"]
[EventType "tourn (corr)"]
[EventRounds "6"]
[EventCountry "GER"]
[SourceTitle "Corr 2024"]
[Source "ChessBase"]
[SourceDate "2023.10.19"]
[SourceVersion "1"]
[SourceVersionDate "2023.10.19"]
[SourceQuality "1"]

1. c4 Nf6 2. Nc3 g6 3. e4 d6 4. d4 Bg7 5. Nf3 0-0 6. h3 e5 7. d5 Nh5 8. g3 f5 9. exf5 gxf5 10. Ng5 Nf6 11. g4 Na6 12. Ne6 Bxe6 13. dxe6 Ne4 14. Nxe4 fxe4 15. Be3 c6 16. Bg2 Qa5+ 17. Kf1 d5 18. e7 Rfe8 19. a3 Nc7 20. b4 Qa6 21. b5 Qa5 22. Kg1 Rxe7 23. Bc5 Rf7 24. Bb4 Qb6 25. c5 1-0

[Event "SB-2021-0-00617"]
[Site "LSS email"]
[Date "2021.07.13"]
[Round "?"]
[White "Laudati, Lelio"]
[Black "Sofia, Gerardo"]
[Result "1/2-1/2"]
[WhiteElo "1943"]
[BlackElo "1837"]
[PlyCount "42"]
[EventDate "2021.04.08"]
[EventType "tourn (corr)"]
[EventRounds "6"]
[EventCountry "GER"]
[SourceTitle "Corr 2024"]
[Source "ChessBase"]
[SourceDate "2023.10.19"]
[SourceVersion "1"]
[SourceVersionDate "2023.10.19"]
[SourceQuality "1"]

1. d4 d5 2. Nf3 e6 3. c4 Nf6 4. Nc3 Bb4 5. Bg5 0-0 6. Qb3 c5 7. cxd5 exd5 8. dxc5 Nc6 9. a3 Bxc5 10. e3 d4 11. Rd1 Bb6 12. Be2 h6 13. Bh4 Be6 14. Qc2 Rc8 15. 0-0 g5 16. Bg3 Nd5 17. exd4 g4 18. Bh4 Qd6 19. Bg3 Qd8 20. Bh4 Qd6 21. Bg3 Qd8 1/2-1/2

[Event "SB-2021-0-00617"]
[Site "LSS email"]
[Date "2021.07.13"]
[Round "?"]
[White "Sofia, Gerardo"]
[Black "Vitello, Gabry"]
[Result "1/2-1/2"]
[WhiteElo "1837"]
[BlackElo "1802"]
[PlyCount "38"]
[EventDate "2021.04.08"]
[EventType "tourn (corr)"]
[EventRounds "6"]
[EventCountry "GER"]
[SourceTitle "Corr 2024"]
[Source "ChessBase"]
[SourceDate "2023.10.19"]
[SourceVersion "1"]
[SourceVersionDate "2023.10.19"]
[SourceQuality "1"]

1. e4 e6 2. d4 d5 3. Nc3 Nf6 4. Bg5 Bb4 5. e5 h6 6. exf6 hxg5 7. fxg7 Rg8 8. h4 gxh4 9. Qh5 Qf6 10. Qxh4 Qxg7 11. Nf3 Bd7 12. a3 Bxc3+ 13. bxc3 Nc6 14. Rb1 b6 15. g3 f6 16. Qh5+ Ke7 17. Qh7 Raf8 18. c4 Kd8 19. Qxg7 Rxg7 1/2-1/2

[Event "SB-2021-0-00611"]
[Site "LSS email"]
[Date "2021.03.07"]
[Round "?"]
[White "Sofia, Gerardo"]
[Black "Csaba, Fodor"]
[Result "0-1"]
[WhiteElo "1821"]
[BlackElo "1921"]
[PlyCount "92"]
[EventDate "2021.01.19"]
[EventType "tourn (corr)"]
[EventRounds "6"]
[EventCountry "GER"]
[SourceTitle "Corr 2024"]
[Source "ChessBase"]
[SourceDate "2023.10.19"]
[SourceVersion "1"]
[SourceVersionDate "2023.10.19"]
[SourceQuality "1"]

1. e4 e5 2. Nf3 Nc6 3. Bc4 Nf6 4. d3 Bc5 5. 0-0 0-0 6. c3 a6 7. d4 Ba7 8. dxe5 Ng4 9. Bf4 Qe7 10. Qd5 b5 11. Bb3 Bb7 12. Nbd2 Rab8 13. Qd3 Ncxe5 14. Nxe5 Nxe5 15. Qg3 d6 16. a4 Bb6 17. a5 Bc5 18. Kh1 Kh8 19. Bc2 Ng6 20. Rae1 Nxf4 21. Qxf4 Rbe8 22. Qg3 Ba7 23. f4 c5 24. Qh3 Qe6 25. Qh4 Qe7 26. Qg3 Bb8 27. Nf3 g6 28. Qh3 Bc7 29. f5 Rg8 30. b4 Qf6 31. fxg6 fxg6 32. Qg3 Rgf8 33. bxc5 Bb8 34. cxd6 Bxd6 35. Qf2 Bc7 36. c4 Bxa5 37. Rb1 Bc3 38. cxb5 axb5 39. Qa7 Bc8 40. e5 Qf7 41. Qg1 Qe7 42. Qe3 b4 43. Ba4 Bd7 44. Bxd7 Qxd7 45. Ng5 Rf5 46. Rfe1 Rfxe5 0-1

[Event "RC-2020-0-00248"]
[Site "LSS email"]
[Date "2020.10.14"]
[Round "?"]
[White "Sofia, Gerardo"]
[Black "Brayman, Neal Zvi"]
[Result "1-0"]
[WhiteElo "1775"]
[BlackElo "1700"]
[PlyCount "45"]
[EventDate "2020.08.11"]
[EventType "tourn (corr)"]
[EventRounds "6"]
[EventCountry "GER"]
[SourceTitle "Corr 2022"]
[Source "ChessBase"]
[SourceDate "2021.10.24"]
[SourceVersion "1"]
[SourceVersionDate "2021.10.24"]
[SourceQuality "1"]

1. d4 d5 2. c4 Nc6 3. Nf3 Bg4 4. e3 e6 5. cxd5 Qxd5 6. Nc3 Bb4 7. Be2 Nf6 8. h3 Bf5 9. 0-0 Qa5 10. Na4 Ne4 11. a3 Be7 12. b4 Qd5 13. Nd2 Nxd2 14. Bxd2 0-0 15. Rc1 Qd7 16. Bf3 Bd3 17. Re1 f5 18. Qb3 Be4 19. Bxe4 fxe4 20. Nc3 a6 21. Nxe4 Rf5 22. Red1 Raf8 23. a4 1-0

[Event "LSS No Engine Cup 195 Final"]
[Site "LSS email"]
[Date "2020.07.27"]
[Round "?"]
[White "Nowak, Andrzej"]
[Black "Sofia, Gerardo"]
[Result "1-0"]
[WhiteElo "1936"]
[BlackElo "1985"]
[PlyCount "137"]
[EventDate "2020.07.27"]
[EventType "tourn (corr)"]
[EventRounds "6"]
[EventCountry "GER"]
[SourceTitle "Corr 2022"]
[Source "ChessBase"]
[SourceDate "2021.10.24"]
[SourceVersion "1"]
[SourceVersionDate "2021.10.24"]
[SourceQuality "1"]

1. e4 c5 2. Nf3 d6 3. d4 cxd4 4. Nxd4 Nf6 5. Nc3 a6 6. Be2 g6 7. 0-0 Bg7 8. Be3 0-0 9. a4 Nc6 10. Nxc6 bxc6 11. a5 Rb8 12. b3 c5 13. f3 Qc7 14. Qd2 Bb7 15. Rfd1 Rfd8 16. Bf4 Nh5 17. Bg5 Be5 18. g3 Ng7 19. Ra2 Ne6 20. Be3 Nd4 21. Nd5 Bxd5 22. exd5 Nb5 23. Bxb5 Rxb5 24. Ra4 Rc8 25. Qe1 Rcb8 26. Bd2 Bd4+ 27. Kg2 Re8 28. Qe2 e6 29. Re1 Qc8 30. Qc4 exd5 31. Qxd5 Rxe1 32. Bxe1 Qe8 33. Bf2 Qe2 34. Rxd4 cxd4 35. Qxd6 d3 36. Qd8+ Kg7 37. Qd4+ Re5 38. cxd3 Kg8 39. b4 h5 40. Qa7 Re6 41. Qa8+ Kg7 42. Qd5 Qb2 43. Qd4+ Qxd4 44. Bxd4+ Kf8 45. Kf2 f5 46. f4 Ke8 47. Be3 Kd7 48. Ke2 Kc6 49. Kd2 Kb5 50. Bc5 Ka4 51. d4 h4 52. d5 Re8 53. Kd3 Kb5 54. gxh4 Re4 55. Bd6 Re1 56. Kd4 Re2 57. Kd3 Re1 58. Kd4 Re2 59. Kd3 Re4 60. h3 Re1 61. Kd4 Rd1+ 62. Ke5 Kc4 63. Bc5 Re1+ 64. Kf6 Kxd5 65. Kxg6 Ke6 66. h5 Re2 67. Kg7 Rg2+ 68. Kf8 Rh2 69. b5 1-0

[Event "LSS No Engine Cup 195 Final"]
[Site "LSS email"]
[Date "2020.07.27"]
[Round "?"]
[White "Sofia, Gerardo"]
[Black "Sabbatini, Giuseppe"]
[Result "1-0"]
[WhiteElo "1985"]
[BlackElo "2096"]
[PlyCount "109"]
[EventDate "2020.07.27"]
[EventType "tourn (corr)"]
[EventRounds "6"]
[EventCountry "GER"]
[SourceTitle "Corr 2022"]
[Source "ChessBase"]
[SourceDate "2021.10.24"]
[SourceVersion "1"]
[SourceVersionDate "2021.10.24"]
[SourceQuality "1"]

1. e4 e5 2. Nf3 Nc6 3. d4 exd4 4. Nxd4 Nf6 5. Nxc6 bxc6 6. e5 Qe7 7. Qe2 Nd5 8. c4 Ba6 9. b3 Qh4 10. a3 Bc5 11. g3 Bxf2+ 12. Qxf2 Qe4+ 13. Kd1 Qxh1 14. Nd2 0-0 15. Kc2 f6 16. e6 dxe6 17. Bb2 Bb7 18. Bh3 Ne3+ 19. Qxe3 Qxh2 20. Bxe6+ Kh8 21. Qf3 Rae8 22. Rh1 Qxh1 23. Qxh1 Rxe6 24. Qg1 Ra8 25. Bc3 h6 26. Qd4 a6 27. Qd7 Rae8 28. Bb4 Bc8 29. Qxc7 Kg8 30. c5 Re2 31. Qxc6 Kh7 32. a4 R2e6 33. Qc7 R6e7 34. Qd6 Rd7 35. Qc6 Rde7 36. Kb2 Re6 37. Qd5 Re2 38. Qd3+ f5 39. c6 R8e3 40. Qd8 Be6 41. Bc3 Rxg3 42. c7 Ree3 43. Ba5 Rg2 44. c8Q Rxb3+ 45. Kc2 Bxc8 46. Kxb3 Be6+ 47. Kb2 Rg6 48. Bc3 Bf7 49. Qc8 Be6 50. Qxa6 Bd5 51. Qb5 Be6 52. a5 Bc8 53. Qc5 Bd7 54. a6 Rxa6 55. Qd4 1-0

[Event "LSS No Engine Cup 195 Final"]
[Site "LSS email"]
[Date "2020.07.27"]
[Round "?"]
[White "Sofia, Gerardo"]
[Black "Vio, Mauro"]
[Result "1-0"]
[WhiteElo "1985"]
[BlackElo "1891"]
[PlyCount "121"]
[EventDate "2020.07.27"]
[EventType "tourn (corr)"]
[EventRounds "6"]
[EventCountry "GER"]
[SourceTitle "Corr 2022"]
[Source "ChessBase"]
[SourceDate "2021.10.24"]
[SourceVersion "1"]
[SourceVersionDate "2021.10.24"]
[SourceQuality "1"]

1. e4 c5 2. Nf3 e6 3. d4 cxd4 4. Nxd4 a6 5. Nc3 Qc7 6. Bd3 Nf6 7. f4 Bb4 8. Bd2 Bxc3 9. bxc3 d6 10. Qf3 e5 11. Qg3 0-0 12. fxe5 dxe5 13. 0-0 Ne8 14. Nf5 Bxf5 15. exf5 Nd7 16. Rae1 f6 17. Re4 Nd6 18. Rh4 Rfe8 19. c4 Rac8 20. Be2 e4 21. Be3 Nf7 22. Qxc7 Rxc7 23. Rd1 Nfe5 24. Rxe4 Nc5 25. Rh4 Na4 26. Bd4 Nxc4 27. Bxc4+ Rxc4 28. Bxf6 Nb2 29. Rxc4 Nxd1 30. Bh4 Ne3 31. Rc5 b6 32. Rc6 Nxf5 33. Bf2 b5 34. Rxa6 Rc8 35. g4 Ne7 36. Ra7 Kf8 37. Bg3 Rc4 38. Bd6 Rxg4+ 39. Kf2 Re4 40. Rb7 Kf7 41. Kf3 Re6 42. Bb4 Kf6 43. Rxb5 Nf5 44. Bc5 Re1 45. a4 Rf1+ 46. Ke4 Rc1 47. Bb4 g6 48. Rb6+ Kf7 49. Kd3 Rd1+ 50. Kc3 Ne3 51. Rb7+ Kg8 52. a5 Nd5+ 53. Kc4 Nxb4 54. Rxb4 Kf7 55. a6 Rc1 56. a7 Ra1 57. Rb7+ Ke6 58. Kb5 Ra2 59. Rb6+ Kf7 60. Ra6 Rxa6 61. Kxa6 1-0

[Event "RC-2020-0-00243"]
[Site "LSS email"]
[Date "2020.06.29"]
[Round "?"]
[White "Brayman, Neal Zvi"]
[Black "Sofia, Gerardo"]
[Result "1/2-1/2"]
[WhiteElo "1724"]
[BlackElo "1758"]
[PlyCount "53"]
[EventDate "2020.02.11"]
[EventType "tourn (corr)"]
[EventRounds "6"]
[EventCountry "GER"]
[SourceTitle "Corr 2022"]
[Source "ChessBase"]
[SourceDate "2021.10.24"]
[SourceVersion "1"]
[SourceVersionDate "2021.10.24"]
[SourceQuality "1"]

1. e4 c5 2. Nf3 d6 3. d4 cxd4 4. Nxd4 Nf6 5. Nc3 a6 6. h3 g6 7. g4 Bg7 8. Bg2 0-0 9. Be3 Nbd7 10. 0-0 Ne8 11. Qd2 e5 12. Nde2 b5 13. Nd5 Bb7 14. Nec3 Nc7 15. Rfd1 Bxd5 16. Nxd5 Nxd5 17. Qxd5 Nb6 18. Bxb6 Qxb6 19. Qxd6 Qa5 20. Qd2 Qxd2 21. Rxd2 Rac8 22. c3 Rfd8 23. Rad1 Rxd2 24. Rxd2 Bh6 25. Rd1 Bg5 26. Bf1 Rd8 27. Rxd8+ 1/2-1/2

[Event "RC-2020-0-00243"]
[Site "LSS email"]
[Date "2020.06.29"]
[Round "?"]
[White "Sofia, Gerardo"]
[Black "Chester, Ian"]
[Result "1/2-1/2"]
[WhiteElo "1758"]
[BlackElo "1559"]
[PlyCount "62"]
[EventDate "2020.02.11"]
[EventType "tourn (corr)"]
[EventRounds "6"]
[EventCountry "GER"]
[SourceTitle "Corr 2022"]
[Source "ChessBase"]
[SourceDate "2021.10.24"]
[SourceVersion "1"]
[SourceVersionDate "2021.10.24"]
[SourceQuality "1"]

1. e4 e6 2. d4 d5 3. e5 c5 4. Nf3 cxd4 5. Bd3 Nc6 6. 0-0 Nge7 7. Nbd2 Ng6 8. Re1 Qc7 9. Bxg6 hxg6 10. Nb3 Bd7 11. Nbxd4 Nxd4 12. Nxd4 Be7 13. c3 f6 14. Qg4 Kf7 15. f4 f5 16. Qe2 Qc4 17. Qd1 a5 18. Be3 a4 19. Qd2 Qa6 20. Rac1 Rhc8 21. Rc2 Bc5 22. Nf3 Be7 23. b3 axb3 24. axb3 Bb5 25. Rd1 Qa3 26. Nd4 Bd7 27. Rb1 Qa5 28. h3 Qd8 29. Kh2 Ra6 30. Qe2 Bc6 31. Qf2 Rca8 1/2-1/2

[Event "RC-2020-0-00241"]
[Site "LSS email"]
[Date "2020.04.16"]
[Round "?"]
[White "Peterson, Oscar"]
[Black "Sofia, Gerardo"]
[Result "1-0"]
[WhiteElo "800"]
[BlackElo "1659"]
[PlyCount "91"]
[EventDate "2019.12.12"]
[EventType "tourn (corr)"]
[EventRounds "6"]
[EventCountry "GER"]
[SourceTitle "Corr 2022"]
[Source "ChessBase"]
[SourceDate "2021.10.24"]
[SourceVersion "1"]
[SourceVersionDate "2021.10.24"]
[SourceQuality "1"]

1. d4 d5 2. c4 c6 3. Nf3 Nf6 4. Nc3 dxc4 5. a4 Bg4 6. Ne5 Bh5 7. f3 c5 8. d5 e6 9. dxe6 Qxd1+ 10. Kxd1 fxe6 11. Nb5 Kd8 12. Nxc4 Nc6 13. Bf4 Nd7 14. Bc7+ Kc8 15. Bg3 e5 16. e3 a6 17. Nc3 Bf7 18. b3 Kc7 19. Bd3 Be7 20. Ke2 h5 21. h4 g5 22. hxg5 Bxg5 23. Bf5 h4 24. Rhd1 Rad8 25. Bh2 Rhg8 26. Bh3 Bf6 27. Nd5+ Kb8 28. Nxf6 Bxc4+ 29. bxc4 Nxf6 30. Rxd8+ Rxd8 31. f4 Ne4 32. fxe5 Rd2+ 33. Kf3 Ng5+ 34. Kg4 Nxh3 35. Kxh3 Kc8 36. Bf4 Rc2 37. Rd1 Rxc4 38. Kxh4 Nxe5 39. Kg5 Nd7 40. Kf5 Rxa4 41. g4 c4 42. g5 Ra2 43. g6 Ra5+ 44. Ke6 Nf8+ 45. Kf6 Nxg6 46. Kxg6 1-0

[Event "RC-2020-0-00241"]
[Site "LSS email"]
[Date "2020.04.16"]
[Round "?"]
[White "Rost, Bernd"]
[Black "Sofia, Gerardo"]
[Result "1/2-1/2"]
[WhiteElo "1742"]
[BlackElo "1659"]
[PlyCount "89"]
[EventDate "2019.12.12"]
[EventType "tourn (corr)"]
[EventRounds "6"]
[EventCountry "GER"]
[SourceTitle "Corr 2022"]
[Source "ChessBase"]
[SourceDate "2021.10.24"]
[SourceVersion "1"]
[SourceVersionDate "2021.10.24"]
[SourceQuality "1"]

1. e4 c5 2. Nf3 d6 3. d4 cxd4 4. Nxd4 Nf6 5. Nc3 a6 6. Be2 e5 7. Nb3 Be7 8. 0-0 0-0 9. Be3 Be6 10. Re1 Nbd7 11. a4 Rc8 12. Bf3 Nb6 13. Nd2 Nc4 14. Nxc4 Rxc4 15. Be2 Rc8 16. a5 Qc7 17. Qd2 Qc6 18. Bf3 Rfd8 19. Red1 Qc4 20. Qc1 h6 21. Rd2 Qc6 22. Nd5 Bxd5 23. exd5 Qd7 24. c4 e4 25. Bd1 Nh7 26. Rc2 f5 27. b4 Bg5 28. Bxg5 Nxg5 29. Be2 Nf7 30. Qe3 Ne5 31. Qd4 g5 32. Re1 Qg7 33. Rd1 g4 34. c5 h5 35. Kh1 Rc7 36. c6 Rf8 37. Rcc1 Kh7 38. Rc3 Nf7 39. Qd2 f4 40. b5 axb5 41. Bxb5 Ng5 42. Bf1 h4 43. Rb1 Kg6 44. Rcb3 bxc6 45. dxc6 1/2-1/2

[Event "LSS No Engine Cup 191 Final"]
[Site "LSS email"]
[Date "2020.03.27"]
[Round "?"]
[White "Glowinski, Daniel"]
[Black "Sofia, Gerardo"]
[Result "0-1"]
[WhiteElo "1916"]
[BlackElo "1941"]
[PlyCount "78"]
[EventDate "2020.03.27"]
[EventType "tourn (corr)"]
[EventRounds "6"]
[EventCountry "GER"]
[SourceTitle "Corr 2022"]
[Source "ChessBase"]
[SourceDate "2021.10.24"]
[SourceVersion "1"]
[SourceVersionDate "2021.10.24"]
[SourceQuality "1"]

1. e4 c5 2. Nf3 d6 3. Bb5+ Bd7 4. Bxd7+ Nxd7 5. 0-0 Ngf6 6. Nc3 e6 7. d4 cxd4 8. Nxd4 a6 9. Be3 Rc8 10. f4 Nb6 11. Rf3 Be7 12. Bf2 0-0 13. Rh3 Rxc3 14. bxc3 Nxe4 15. Rb1 Nd5 16. Qd3 Ndf6 17. c4 Nxf2 18. Kxf2 Qc8 19. Kg1 h6 20. Qe2 d5 21. Rhb3 Qxc4 22. Rd1 Qc7 23. Qe3 Ne4 24. a4 Rc8 25. g3 Qd7 26. Kf1 Bc5 27. Rb2 Ba7 28. Rc1 e5 29. c3 exd4 30. cxd4 Rxc1+ 31. Qxc1 Bxd4 32. Ke2 Qg4+ 33. Kd3 Bxb2 34. Qxb2 Qd1+ 35. Ke3 f5 36. Qa2 Kh7 37. Qb2 b5 38. axb5 axb5 39. Qe2 d4+ 0-1